[Event "AUTO-OPEN-4647"]
[Site "http://www.queenalice.com/game.php?id=1871654"]
[Date "2026.4.8"]
[Round "1"]
[White "SGF"]
[Black "cerenzo72"]
[Result "0-1"]
[WhiteElo "1648"]
[BlackElo "2122"]

1. e4 e5 2. Qf3 Nf6 3. d3 Nc6 4. c3 Be7 5. Be2 d5 6. Qg3 dxe4 7. h4 exd3 8. Bxd3
e4 9. Bb5 O-O 10. Be2 Bd6 11. f4 exf3 12. Qxf3 Bg4 13. Qf2 Qe7 14. Nf3 Ne4 15.
Bg5 f6 16. Qe3 fxg5 17. hxg5 Bf4 18. Qd3 Rad8 19. Qc4+ Qe6 20. Qxe6+ Bxe6 21. b4
Nxg5 22. Nxg5 Bxg5 23. a4 Bf6 24. g4 Nxb4 25. cxb4 Bxa1 26. Nd2 Bc3 27. Rh3
Bxd2+ 28. Kd1 Bxb4+ 29. Kc2 Rd2+ 30. Kc1 Rxe2 31. Kd1 Ra2 32. Rh4 Rf1# 0-1

[Event "AUTO-OPEN-4647"]
[Site "http://www.queenalice.com/game.php?id=1871655"]
[Date "2026.4.8"]
[Round "1"]
[White "cerenzo72"]
[Black "SGF"]
[Result "1-0"]
[WhiteElo "2123"]
[BlackElo "1646"]

1. c4 e5 2. Nc3 c6 3. e3 Qf6 4. Nf3 d6 5. d4 Be7 6. b3 a5 7. Bb2 h5 8. dxe5 dxe5
9. Ne4 Qf5 10. Bd3 Qg6 11. Ng3 Bg4 12. Bxg6 fxg6 13. Bxe5 Nd7 14. Qd3 Bxf3 15.
gxf3 Nxe5 16. Qe4 Bf6 17. f4 h4 18. fxe5 Be7 19. Qxg6+ Kd7 20. Nf5 Bb4+ 21. Ke2
Bc3 22. Qxg7+ Ke6 23. Nd4+ Bxd4 24. exd4 Ne7 25. Rhg1 Rhg8 26. Qh6+ Kd7 27. Qd6+
Ke8 28. Rxg8+ Nxg8 29. Rg1 Nh6 30. Qxh6 Kd7 31. Rg7+ Kc8 32. Qh8# 1-0

[Event "AUTO-MASTER-3303"]
[Site "http://www.queenalice.com/game.php?id=1872332"]
[Date "2026.4.23"]
[Round "1"]
[White "cerenzo72"]
[Black "Tonto"]
[Result "0-1"]
[WhiteElo "2200"]
[BlackElo "1998"]

1. c4 e5 2. Nc3 Nf6 3. e4 Bc5 4. Nf3 O-O 5. Be2 Re8 6. O-O d6 7. d4 exd4 8. Nxd4
Nxe4 9. Nxe4 Rxe4 10. Be3 Nd7 11. Bf3 Re8 12. Qc2 Nf6 13. Rad1 a6 14. Bg5 h6 15.
Bh4 c6 16. Nb3 Ba7 17. Qd3 g5 18. Bg3 Bb8 19. Bxd6 Bxd6 20. Qxd6 Be6 21. Qe5 Qe7
22. Rfe1 Nd7 23. Qc7 Rad8 24. Qxb7 Qf6 25. Qxc6 Ne5 26. Bd5 Nxc6 0-1

[Event "AUTO-MASTER-3303"]
[Site "http://www.queenalice.com/game.php?id=1872359"]
[Date "2026.4.23"]
[Round "1"]
[White "cerenzo72"]
[Black "Capixabba789"]
[Result "1/2-1/2"]
[WhiteElo "2209"]
[BlackElo "1908"]

1. c4 e5 2. Nc3 Nf6 3. e4 d6 4. Nf3 Be7 5. d4 exd4 6. Nxd4 O-O 7. Be2 Be6 8.
Nxe6 fxe6 9. O-O e5 10. Bg5 Nc6 11. Be3 a6 12. a3 Re8 13. f4 exf4 14. Bxf4 Ne5
15. b4 Ng6 16. Bg3 a5 17. Bf3 c6 18. Qb3 axb4 19. axb4 Kh8 20. Rfd1 d5 21. cxd5
cxd5 22. exd5 Qb6+ 23. Kf1 Qxb4 24. Qxb4 Bxb4 25. Nb5 Rxa1 26. Rxa1 b6 27. d6
Bc5 28. Bf2 Bxf2 29. Kxf2 Nf4 30. Rd1 Rd8 31. Nc7 Rd7 32. Bc6 Rd8 33. Rd4 h6 34.
Rxf4 Rxd6 35. Bb5 g5 36. Rb4 Nh5 37. g3 Rd2+ 38. Be2 Nf6 39. Rxb6 Kg7 40. Ke3
Ra2 41. Ne6+ Kf7 42. Bc4 Ra3+ 43. Kd4 Ke7 44. Rb7+ Kd6 45. Nc7 Ra1 46. h4 gxh4
47. gxh4 Rh1 48. Nb5+ Kc6 49. Rc7+ Kb6 50. Ke5 Ng4+ 51. Kd6 Rd1+ 52. Ke7 Re1+
53. Kd8 Rd1+ 54. Kc8 Rc1 55. Be2 Rxc7+ 56. Nxc7 Nf6 57. Ne6 Kc6 58. Nd4+ Kd5 59.
Nf5 h5 60. Ng7 Ke5 61. Nxh5 Nxh5 62. Bxh5 Kf6 63. Bg4 Kg7 64. h5 Kh8 65. Kd7 Kh7
66. Ke6 Kh6 67. Kf6 Kh7 68. Kf7 Kh8 69. Kf8 Kh7 70. Bf3 Kh8 71. Kf7 Kh7 72. Be4+
Kh8 73. h6 1/2-1/2

[Event "AUTO-OPEN-4649"]
[Site "http://www.queenalice.com/game.php?id=1872502"]
[Date "2026.4.25"]
[Round "1"]
[White "zubarev"]
[Black "cerenzo72"]
[Result "0-1"]
[WhiteElo "1976"]
[BlackElo "2204"]

1. d4 Nf6 2. c4 e6 3. Nc3 c5 4. e3 cxd4 5. exd4 b6 6. Nf3 Bb7 7. Bd3 Nc6 8. O-O
Be7 9. Ne5 Nxd4 10. Bxh7 Rxh7 11. Qxd4 d6 12. Nd3 e5 13. Qe3 Ng4 14. Qg3 Nxh2
15. Re1 Bh4 16. Qxh2 Bxf2+ 17. Nxf2 Rxh2 18. Kxh2 Qh4+ 19. Kg1 Qg3 20. Nce4 Qg6
21. b3 Kd7 22. Ba3 f5 23. Ng3 Qxg3 24. Kf1 Qxg2+ 25. Ke2 Bf3+ 26. Kd2 Qxf2+ 27.
Kc3 Qd4+ 28. Kc2 Be4+ 0-1

[Event "AUTO-OPEN-4649"]
[Site "http://www.queenalice.com/game.php?id=1872503"]
[Date "2026.4.25"]
[Round "1"]
[White "cerenzo72"]
[Black "zubarev"]
[Result "1-0"]
[WhiteElo "2192"]
[BlackElo "1984"]

1. c4 e5 2. Nc3 f5 3. g3 Nf6 4. Bg2 Be7 5. e3 O-O 6. Nge2 d6 7. d3 Nc6 8. b3 Bd7
9. Bb2 a6 10. a4 Qc8 11. O-O Nb4 12. Qd2 c5 13. a5 Bc6 14. f3 d5 15. cxd5 Nfxd5
16. Nxd5 Bxd5 17. Bxe5 Bxb3 18. Qc3 Be6 19. Bxg7 Rf7 20. Be5 Nd5 21. Qd2 Nb4 22.
Nf4 Bd7 23. Rfc1 Bc6 24. d4 Bb5 25. d5 Qd7 26. d6 Rd8 27. Rxc5 Nc6 28. Qc3 Bg5
29. Rd1 Bh6 30. Nh5 Qe6 31. f4 Nxe5 32. fxe5 Be2 33. Bd5 Qg6 34. Bxf7+ Qxf7 35.
Nf6+ 1-0